000 00483nam a2200193Ia 4500
008 101110s9999 xx 000 0 und d
041 _aENGLISH
082 _bSR23339
100 _aSchildt Herbert
245 _aJava2 : The Complete Reference 4/C
365 _b395
520 _aComputer
546 _aENGLISH
630 _aJava2 : The Complete Reference 4/C
650 _aComputer
655 _aComputer
730 _aJava2 : The Complete Reference 4/C
942 _cBOOK
999 _c816046
_d816043